000 00440cam a22001337a 4500
008 180718b1970 xxu||||| |||| 00| 0 eng d
082 _aBA27x5453 K45
100 _aKerala. Backward Classes Reservation Commission
245 _aReport of the Backward Classes Reservation Commission, Kerala
260 _aTrivandrum
_bThe author
_c1970
300 _a2v.
500 _aChairman: Nettur P. Damodaran
700 _aDamodaran, Nettur P. (Chairman)
999 _c489172
_d489172